Presidencias del Senado: ceremonia de entrega de nacionalidad por gracia /

Guardat en:
Dades bibliogràfiques
Autor principal: Lechner, Norbert
Format: Text
Matèries:
Etiquetes: Afegir etiqueta
Sense etiquetes, Sigues el primer a etiquetar aquest registre!

MARC

LEADER 00000 a a2200000 04500
001 1211
003
040
100 |a Lechner, Norbert  
245 |a Presidencias del Senado:   |b ceremonia de entrega de nacionalidad por gracia /  |c Norbert Lechner 
650 |a NACIONALIDAD  
650 |a EXTRANJEROS  
773 |g volumen 7; páginas 13-14  
999 |c 34476  |d 34476